| 000 | 00905nam2a22002411 4500 | ||
|---|---|---|---|
| 001 | rc\209262 | ||
| 005 | 20260327161004.0 | ||
| 035 | _a(NLR Aleph) 008743645 | ||
| 090 |
_a9542175 _c9542175 |
||
| 100 | _a20030307d1992 u y0rusy50 ca | ||
| 101 | 0 | _arus | |
| 102 | _aRU | ||
| 105 | _aa ||||||||| | ||
| 200 | 1 |
_aТолько за наличные _aМертвые молчат _aЛишний козырь в рукаве _e[Детектив. романы _fХудож. С. Баленок, С. Войченко] |
|
| 210 | _d1992 | ||
| 215 |
_a373, [1] с., [12] л. ил. _cил. |
||
| 461 | 0 |
_1001rc\209257 _12001#$aСобрание сочинений$eВ 7 т.$e[Перевод]$vТ. 6 _1700#1$aЧейз$bД. Х.$f1906-1985$gДжеймс Хэдли$3RU\NLR\auth\77817 |
|
| 801 | 0 |
_aRU _bNLR _gpsbo |
|
| 801 | 1 |
_aRU _bELAR _2rusmarc |
|
| 852 |
_aNLR _j91-3/10284 |
||
| 942 | _cBOOK | ||
| 980 | _aNB | ||